000 00298 a2200145 4500
001 64481
020 _a857368187x
040 _cAnchieta - Pituba
100 _aYwata, Clara
240 1 0 _aMedicina natural
_lpor
245 1 0 _aMedicina natural
300 _a544
650 4 _aMedicina
942 _cBK
999 _c64481
_d64481